Catàleg del Col·legi de Periodistes de Catalunya

Política española de la información (Registre núm. 3157)

000 -CABECERA
Longitud fija campo de control 00649nam a2200205 a 4500
001 - NÚMERO DE CONTROL
Número de control 3157
003 - IDENTIFICADOR DEL NÚMERO DE CONTROL
Identificador del número de control CDMR
005 - FECHA Y HORA DE LA ÚLTIMA TRANSACCIÓN
Fecha y hora de la última transacción 20131129095510.0
008 - CÓDIGOS DE INFORMACIÓN DE LONGITUD FIJA
Códigos de información de longitud fija 130130s1958||||||||||||||||||||||||||||d
040 ## - FUENTE DE LA CATALOGACIÓN
Centro catalogador de origen CDMR
Lengua de catalogación cat
Centro transcriptor CDMR
100 1# - PUNTO DE ACCESO PRINCIPAL-NOMBRE DE PERSONA
Nombre de persona Arias Salgado, Gabriel
9 (RLIN) 2300
245 10 - MENCIÓN DE TÍTULO
Título Política española de la información
Mención de responsabilidad, etc. Gabriel Arias-Salgado
250 ## - MENCIÓN DE EDICIÓN
Mención de edición 5a ed.
260 ## - PUBLICACIÓN, DISTRIBUCIÓN, ETC. (PIE DE IMPRENTA)
Lugar de publicación, distribución, etc. Madrid
Fecha de publicación, distribución, etc. 1957-1958
Nombre del editor, distribuidor, etc. Ministerio de Información
300 ## - DESCRIPCIÓN FÍSICA
Extensión 2 v.
505 ## - NOTA DE CONTENIDO CON FORMATO
Nota de contenido con formato Conté: Tomo I.- Textos ; Tomo II.- Antología sistemática
650 04 - PUNTO DE ACCESO ADICIONAL DE MATERIA - TÉRMINO DE MATERIA
9 (RLIN) 4358
Término de materia o nombre geográfico como elemento inicial Espanya
Subdivisión de materia general Política de la comunicació
650 04 - PUNTO DE ACCESO ADICIONAL DE MATERIA - TÉRMINO DE MATERIA
9 (RLIN) 2737
Término de materia o nombre geográfico como elemento inicial Premsa
Subdivisión de materia general Dret i legislació
Subdivisión geográfica Espanya
942 ## - ENTRADA DE ELEMENTOS AGREGADOS (KOHA)
Koha [por defecto] tipo de item Monografies
Fuente de clasificaión o esquema
Fons
Suprimido Perdido Estropeado No para préstamo Localización permanente Localización actual Fecha adquisición Serie de enumeración / cronología Préstamos totales Signatura completa Código de barras Fecha última consulta Fecha del precio de reemplazo Tipo de item de Koha
        Centre de Documentació Montserrat Roig Centre de Documentació Montserrat Roig 2013-01-16 Tomo I   Cg 3/4 CDMR13119911 2013-01-16 2013-01-16 Reserva / Històric
        Centre de Documentació Montserrat Roig Centre de Documentació Montserrat Roig 2013-01-16 Tomo II   Cg 3/5 CDMR13119912 2013-01-16 2013-01-16 Reserva / Històric

Implantat amb Koha